| 000 | 00328 a2200097 4500 | ||
|---|---|---|---|
| 020 | _a0309112818 | ||
| 082 | _a333.850973 TRB | ||
| 245 |
_aMinerals, Critical, Minerals, and the U. S. Economy / _cThe National Academies Press |
||
| 260 |
_aWashington : _bThe National Academies Press, _c2007 |
||
| 300 |
_axii, 159p. : _bill. ; _c30 cm |
||
| 650 | _aCritical Minerals | ||
| 999 |
_c2090 _d2090 |
||